Bravo Hits #72 - Statistiken

Allgemein
  • Dieses Quiz wurde 48 mal gespielt
  • Das Durchschnittsergebnis liegt bei 9 aus 42
Antwortstatistiken
# Lied Antwort % Korrekt
2.4 Firework Katy Perry
93%
2.1 Rolling in the Deep Adele
86%
2.2 Just the Way You Are Bruno Mars
80%
1.8 Berlin City Girl Culcha Candela
64%
2.6 Halt dich an mir fest Revolverheld
64%
1.4 What's My Name Rihanna
52%
1.1 The Time (Dirty Bit) The Black Eyed Peas
41%
1.2 Higher Taio Cruz
39%
1.16 We R Who We R Ke$ha
34%
2.5 Raise Your Glass P!nk
34%
1.17 Loca Shakira
34%
1.12 Pray Justin Bieber
32%
1.5 Freaky Like Me Madcon
27%
2.17 Je veux Zaz
25%
1.10 Just a Dream Nelly
20%
2.20 She's Got Nothing On (But the Radio) Roxette
20%
1.18 Fuck You Cee-Lo Green
18%
2.3 Stay Hurts
18%
1.6 Like a G6 Far East Movement
16%
2.7 Good Life OneRepublic
16%
1.7 Hey Baby (Drop It to the Floor) Pitbull
16%
2.21 Don't Stop Believin' Glee Cast
14%
1.3 Mirrors Natalia Kills
11%
2.9 Hurricane 30 Seconds to Mars
9%
2.16 Hilf mir Ich + Ich
7%
1.13 What If Jason Derulo
7%
1.15 Please Don't Go Mike Posner
7%
2.8 Winter Unheilig
7%
2.10 Milk & Honey Beatsteaks
5%
2.19 Well, Well, Well Duffy
5%
1.9 Sekundenschlaf Marteria
5%
2.12 Animals Neon Trees
5%
1.20 Like I Love You R.I.O.
5%
2.11 Bigger Than Us White Lies
5%
1.19 aNYway Armand Van Helden & A-Trak
2%
1.14 Soulman Ben l'Oncle Soul
2%
2.13 Immer wenn es dunkel wird Juli
2%
1.21 Hey (Nah Neh Nah) Milk & Sugar Vs. Vaya Con Dios
2%
2.18 King of Anything Sara Bareilles
2%
2.14 Million Voices (7 Seconds) Thomas D
2%
1.11 Invincible Tinie Tempah
2%
2.15 You're Not Alone Mads Langer
0%
Keine übereinstimmenden Quizze gefunden
Verteilung der Resultate
Anzahl Personen mit jedem Resultat
Perzentil nach korrekt beantworteten Fragen
Ihre Resultats-Entwicklung
Sie haben dieses Quiz noch nicht gespielt